Science Quiz

Random Science or Astronomy Quiz

Moons of Jupiter Quiz Stats

 Plays Quiz Updated Nov 22, 2016

Score 0/50 Timer 10:00
1 Play Today
Number Name % Correct
IIo
94.5%
IIEuropa
84.1%
IIIGanymede
82.5%
IVCallisto
70%
VAmalthea
38.6%
VIHimalia
35.2%
XIIILeda
35.1%
XIVThebe
34.8%
VIIElara
34.5%
XVIMetis
33%
IXSinope
33%
XICarme
31.5%
VIIIPasiphaë
31%
XXXVIIKale
30.6%
XIIAnanke
29.3%
LHerse
29.2%
XVAdrastea
29.1%
XLysithea
28.8%
XLIXKore
28%
XXIVIocaste
26.8%
XVIIIThemisto
26.8%
XIXMegaclite
26.1%
XLVICarpo
26%
XXVIIsonoe
25.1%
XLMneme
25%
Number Name % Correct
XXVIIIAutonoe
24.7%
XVIICallirrhoe
24.6%
XXVIIPraxidike
24.3%
XXIIIKalyke
23.6%
XLIIIArche
23.6%
XXXVISponde
23.2%
XXTaygete
22.8%
XXIIHarpalyke
22.8%
XXIChaldene
22.8%
XXXIIIEuanthe
22.8%
XXXIIEurydome
22.6%
XXVErinome
22.5%
XXXIVEuporie
22.3%
XXIXThyone
21.9%
XLVHelike
21.8%
XXXIAitne
21.4%
XXXVIIIPasithee
21.3%
XXXIXHegemone
21%
XLIVKallichore
20.6%
XLVIIICyllene
20.6%
XLIAoede
20.3%
XXXHermippe
20.3%
XXXVOrthosie
20%
XLVIIEukelade
19.3%
XLIIThelxinoe
19%

You're not logged in!

Compare scores with friends on all Sporcle quizzes.
OR
Log In

Sporcle TV

Today on Sporcle TV


Watch our educational content, quiz creation guides, and fun videos on Sporcle TV.

Show Comments

Extras

Top Quizzes Today


Score Distribution

Your Account Isn't Verified!

In order to create a playlist on Sporcle, you need to verify the email address you used during registration. Go to your Sporcle Settings to finish the process.

Report this User

Report this user for behavior that violates our Community Guidelines.

Details: